[Event "CYCC U16"]
[Site "Ottawa CAN"]
[Date "2013.07.10"]
[Round "1"]
[White "Johnson, Nicholas"]
[Black "Song, Terry"]
[Result "1/2-1/2"]
[WhiteElo "1817"]
[BlackElo "2190"]
[PlyCount "93"]
[GameId "2160767909334904"]
[EventDate "2013.07.10"]
[EventType "swiss"]
[EventRounds "6"]
[EventCountry "CAN"]
[SourceTitle "hb 2013"]

1. c4 Nf6 2. g3 c5 3. Bg2 Qc7 4. Nc3 a6 5. Nf3 b6 6. O-O Bb7 7. b3 e6 8. d4 cxd4 9. Nxd4 Bxg2 10. Kxg2 Be7 11. Bb2 O-O 12. e4 Qb7 13. Qe2 d6 14. f4 Nbd7 15. Rae1 Rfe8 16. Kg1 e5 17. Nc2 exf4 18. Rxf4 Bf8 19. Nb4 Rac8 20. Nbd5 Nxd5 21. Nxd5 Ne5 22. a4 Rb8 23. Bd4 Ng6 24. Rff1 Ne7 25. Nxb6 Nc6 26. Bf2 f5 27. Qd2 Ne5 28. Kg2 fxe4 29. Qd5+ Qxd5 30. Nxd5 Nf3 31. Rxe4 Rxe4 32. Kxf3 Ree8 33. b4 Rbc8 34. Nb6 Rb8 35. b5 a5 36. Nd5 Be7 37. Rb1 Bf6 38. Be1 Rec8 39. Bxa5 Rxc4 40. Bc7 Rb7 41. a5 Ra4 42. a6 Rxa6 43. bxa6 Rxb1 44. a7 Ra1 45. Bb6 Bd8 46. Bxd8 Rxa7 47. Bg5 1/2-1/2

[Event "CYCC U16"]
[Site "Ottawa CAN"]
[Date "2013.07.10"]
[Round "1"]
[White "Lo, Ryan"]
[Black "Adriaanse, Adam"]
[Result "1-0"]
[WhiteElo "2222"]
[BlackElo "1924"]
[PlyCount "121"]
[GameId "2160767909334906"]
[EventDate "2013.07.10"]
[EventType "swiss"]
[EventRounds "6"]
[EventCountry "CAN"]
[SourceTitle "hb 2013"]

1. d4 Nf6 2. c4 e6 3. Nc3 d5 4. cxd5 exd5 5. Bg5 Be7 6. e3 c6 7. Qc2 O-O 8. Bd3 h6 9. Bh4 b6 10. Nf3 Nbd7 11. O-O Bb7 12. Rac1 Re8 13. Bg3 Nh5 14. Ne2 Nxg3 15. Nxg3 Rc8 16. Bf5 Rc7 17. Qa4 Qb8 18. Ne2 Bd6 19. Nc3 Nf6 20. b4 Ne4 21. Rfd1 Rce7 22. Nxe4 dxe4 23. Ne5 Bxe5 24. dxe5 Qxe5 25. Bd7 Rd8 26. Bxc6 Rxd1+ 27. Rxd1 Bxc6 28. Qxc6 Rc7 29. Qa4 a5 30. bxa5 bxa5 31. h3 Rb7 32. Qd4 Qe6 33. Qd8+ Kh7 34. Qxa5 Rb2 35. Rd2 Rb1+ 36. Kh2 Qc6 37. Qe5 Qg6 38. Qd5 Rb6 39. a4 Qe6 40. Qc5 f5 41. a5 Ra6 42. Qc7 Rc6 43. Qb8 Rc5 44. Rd8 Rxa5 45. Rh8+ Kg6 46. Qg3+ Kh5 47. Qxg7 Qe5+ 48. Qxe5 Rxe5 49. Rg8 Rd5 50. Kg3 Rd2 51. f3 exf3 52. gxf3 Rd5 53. Kf4 Rc5 54. Re8 Kh4 55. Re5 Rc8 56. Rxf5 Kxh3 57. e4 Kg2 58. Kg4 Rg8+ 59. Kh5 Rg3 60. Kxh6 Kf2 61. e5 1-0

[Event "CYCC U16"]
[Site "Ottawa CAN"]
[Date "2013.07.10"]
[Round "1"]
[White "Rochon, Frederic"]
[Black "Wu, Ruining (Ray)"]
[Result "0-1"]
[WhiteElo "1459"]
[BlackElo "2117"]
[PlyCount "120"]
[GameId "2160767909334907"]
[EventDate "2013.07.10"]
[EventType "swiss"]
[EventRounds "6"]
[EventCountry "CAN"]
[SourceTitle "hb 2013"]

1. e4 c6 2. d4 d5 3. exd5 cxd5 4. Bd3 Nf6 5. Bf4 Nc6 6. c3 Bg4 7. Qb3 Qd7 8. Nd2 e6 9. Ngf3 Bxf3 10. Nxf3 Be7 11. O-O O-O 12. Rfe1 Nh5 13. Bg5 Bxg5 14. Nxg5 h6 15. Qd1 Nf4 16. Nf3 Nxd3 17. Qxd3 Ne7 18. Ne5 Qc7 19. Re3 Nf5 20. Rh3 Nd6 21. Qg3 Rac8 22. Qg4 b5 23. Rxh6 Nf5 24. Rh3 f6 25. Ng6 Rfe8 26. Re1 Qd6 27. Nh8 Kf8 28. Ng6+ Kg8 29. Nh8 Kf8 30. Qg6 Rc7 31. Nf7 Rxf7 32. Rh8+ Ke7 33. Rxe8+ Kxe8 34. Qxf5 Re7 35. Qd3 Qc6 36. h4 Qc4 37. Qxc4 bxc4 38. f4 Kf7 39. g4 Rb7 40. Rb1 a5 41. Kf2 a4 42. Kg3 a3 43. Kf3 Rxb2 44. Ra1 Rc2 45. Ke3 Rxc3+ 46. Kd2 Rd3+ 47. Kc2 Rxd4 48. Kc3 Rxf4 49. Kb4 Rf3 50. Rg1 e5 51. Kc5 Rd3 52. g5 fxg5 53. hxg5 c3 54. Kd6 e4 55. Ke5 Kg6 56. Rc1 e3 57. Rc2 d4 58. Ke4 Rd2 59. Rxd2 cxd2 60. Kxd4 e2 0-1

[Event "CYCC U16"]
[Site "Ottawa CAN"]
[Date "2013.07.10"]
[Round "1"]
[White "Sun, Mike"]
[Black "Muntaner, Daniel"]
[Result "1/2-1/2"]
[WhiteElo "2080"]
[BlackElo "1310"]
[PlyCount "119"]
[GameId "2160767909334909"]
[EventDate "2013.07.10"]
[EventType "swiss"]
[EventRounds "6"]
[EventCountry "CAN"]
[SourceTitle "hb 2013"]

1. e4 e5 2. Nf3 Nc6 3. Bb5 Nf6 4. d3 d6 5. O-O h6 6. Nbd2 a6 7. Bxc6+ bxc6 8. Nc4 Be6 9. Ne3 Be7 10. Bd2 O-O 11. Bc3 Re8 12. b3 c5 13. Nd2 Nd7 14. Qe2 Nb6 15. a4 a5 16. Nf3 Bf6 17. Qe1 c6 18. Bxa5 Qb8 19. Bd2 d5 20. h3 c4 21. a5 Nd7 22. Rb1 cxd3 23. cxd3 dxe4 24. dxe4 Nc5 25. Nc4 Bxc4 26. bxc4 Qc7 27. Qe3 Nb7 28. Qb6 Qxb6 29. Rxb6 Nxa5 30. Bxa5 Rxa5 31. Rxc6 Ra2 32. g3 Rb8 33. Rc5 Rc2 34. Kg2 Rb4 35. Nxe5 Bxe5 36. Rxe5 Rcxc4 37. Kf3 f6 38. Re7 Kf8 39. Rd7 Rxe4 40. Rc1 Re7 41. Rc8+ Kf7 42. Rdd8 Rb3+ 43. Kg4 Kg6 44. Rd5 Re4+ 45. f4 Ree3 46. f5+ Kh7 47. Rdd8 Rxg3+ 48. Kf4 Rbf3+ 49. Ke4 Re3+ 50. Kf4 Rgf3+ 51. Kg4 h5+ 52. Kxh5 Rxh3+ 53. Kg4 Reg3+ 54. Kf4 Rf3+ 55. Ke4 Kh6 56. Rd7 Re3+ 57. Kf4 Rhf3+ 58. Kg4 Rg3+ 59. Kf4 Ref3+ 60. Ke4 1/2-1/2

[Event "CYCC U16"]
[Site "Ottawa CAN"]
[Date "2013.07.10"]
[Round "1"]
[White "Thanabalachandran, Kajan"]
[Black "Kalra, Agastya"]
[Result "1/2-1/2"]
[WhiteElo "1759"]
[BlackElo "2130"]
[PlyCount "64"]
[GameId "2160767909334910"]
[EventDate "2013.07.10"]
[EventType "swiss"]
[EventRounds "6"]
[EventCountry "CAN"]
[SourceTitle "hb 2013"]

1. e4 c5 2. c3 d5 3. exd5 Qxd5 4. d4 Nf6 5. Nf3 Nc6 6. Na3 Bg4 7. Be2 cxd4 8. cxd4 e6 9. Nb5 Bb4+ 10. Bd2 Bxd2+ 11. Qxd2 Qd7 12. O-O O-O 13. Rfd1 Rfd8 14. h3 Bxf3 15. Bxf3 a6 16. Bxc6 bxc6 17. Na3 e5 18. Qc2 exd4 19. Rac1 Rac8 20. Nc4 Nd5 21. Ne5 Qd6 22. Nxc6 Rc7 23. Qc5 Qxc5 24. Rxc5 Nb4 25. Nxd8 Rxc5 26. a3 Rd5 27. axb4 Rxd8 28. Ra1 Kf8 29. Rxa6 d3 30. Ra1 Rb8 31. Rd1 Rxb4 32. Rd2 f5 1/2-1/2

[Event "CYCC U16"]
[Site "Ottawa CAN"]
[Date "2013.07.10"]
[Round "2"]
[White "Kalra, Agastya"]
[Black "Hui, Jeremy"]
[Result "1/2-1/2"]
[WhiteElo "2130"]
[BlackElo "1976"]
[PlyCount "82"]
[GameId "2160767909334913"]
[EventDate "2013.07.10"]
[EventType "swiss"]
[EventRounds "6"]
[EventCountry "CAN"]
[SourceTitle "hb 2013"]

1. e4 e6 2. b3 d5 3. Bb2 Nf6 4. e5 Nfd7 5. Qg4 c5 6. g3 Nc6 7. f4 b6 8. Bg2 Bb7 9. Nc3 d4 10. Ne4 Qc7 11. Ne2 O-O-O 12. O-O-O d3 13. N2c3 dxc2 14. Kxc2 Nd4+ 15. Kb1 Nb8 16. Nd6+ Bxd6 17. exd6 Qxd6 18. Bxb7+ Kxb7 19. Qxg7 Qd7 20. Ne4 Nf5 21. Qc3 Nd4 22. Ng5 Nbc6 23. Nf3 Qd5 24. Nxd4 Nxd4 25. d3 Rd7 26. Qc4 Rhd8 27. Bxd4 Qxd4 28. Qxd4 Rxd4 29. Kc2 Kc6 30. Rhe1 b5 31. Re4 c4 32. Rxd4 Rxd4 33. Kc3 Rxd3+ 34. Rxd3 cxd3 35. Kxd3 Kd5 36. b4 e5 37. fxe5 Kxe5 38. Ke3 Kd5 39. Kd3 a6 40. a3 Ke5 41. Ke3 Kd5 1/2-1/2

[Event "CYCC U16"]
[Site "Ottawa CAN"]
[Date "2013.07.10"]
[Round "2"]
[White "Li, Robert"]
[Black "Zhang, Kevin Z"]
[Result "0-1"]
[WhiteElo "1790"]
[BlackElo "2000"]
[PlyCount "76"]
[GameId "2160767909334914"]
[EventDate "2013.07.10"]
[EventType "swiss"]
[EventRounds "6"]
[EventCountry "CAN"]
[SourceTitle "hb 2013"]

1. e4 g6 2. d4 Bg7 3. Nc3 d6 4. Be3 a6 5. Nf3 Nd7 6. Be2 b5 7. a3 Bb7 8. O-O Ngf6 9. Nd2 c5 10. f4 b4 11. axb4 cxb4 12. e5 bxc3 13. exf6 Nxf6 14. bxc3 Nd5 15. Nc4 Nxc3 16. Qd2 Nxe2+ 17. Qxe2 a5 18. Na3 O-O 19. Qd2 Be4 20. g4 a4 21. h4 Qa5 22. c3 Rfc8 23. Rac1 Rab8 24. f5 Rb3 25. fxg6 fxg6 26. Qa2 Kh8 27. Bd2 Qa6 28. Nc2 Bxc2 29. Rxc2 Qd3 30. Rf4 Rcb8 31. Kg2 a3 32. Bc1 Rb2 33. Rxb2 axb2 34. Bxb2 Qe2+ 35. Rf2 Qxg4+ 36. Kf1 Qxh4 37. Bc1 Qh1+ 38. Ke2 Qxc1 0-1

[Event "CYCC U16"]
[Site "Ottawa CAN"]
[Date "2013.07.10"]
[Round "2"]
[White "Muntaner, Daniel"]
[Black "Deatrick, Alexander"]
[Result "0-1"]
[WhiteElo "1310"]
[BlackElo "2122"]
[PlyCount "68"]
[GameId "2160767909334915"]
[EventDate "2013.07.10"]
[EventType "swiss"]
[EventRounds "6"]
[EventCountry "CAN"]
[SourceTitle "hb 2013"]

1. e4 c5 2. Nf3 d6 3. d4 cxd4 4. Nxd4 Nf6 5. Nc3 g6 6. f3 Bg7 7. Be3 Nc6 8. Qd2 O-O 9. Bc4 Bd7 10. Bb3 Qa5 11. O-O-O Rfc8 12. g4 Ne5 13. h4 Nc4 14. Bxc4 Rxc4 15. Nb3 Qa6 16. h5 Rac8 17. hxg6 hxg6 18. Bd4 e5 19. Be3 Bxg4 20. Rhf1 Bxf3 21. Rxf3 Rxc3 22. Qxc3 Rxc3 23. bxc3 Nxe4 24. Kb2 Nxc3 25. Rdf1 Nb5 26. Kc1 f5 27. Bd2 e4 28. Rg3 Nd4 29. Re1 Ne2+ 30. Rxe2 Qxe2 31. Rg1 e3 32. Bb4 f4 33. Re1 Qg2 34. Bxd6 Bc3 0-1

[Event "CYCC U16"]
[Site "Ottawa CAN"]
[Date "2013.07.10"]
[Round "2"]
[White "Nasir, Zehn"]
[Black "Lo, Ryan"]
[Result "1/2-1/2"]
[WhiteElo "2060"]
[BlackElo "2222"]
[PlyCount "86"]
[GameId "2160767909334916"]
[EventDate "2013.07.10"]
[EventType "swiss"]
[EventRounds "6"]
[EventCountry "CAN"]
[SourceTitle "hb 2013"]

1. e4 c5 2. Nf3 e6 3. d4 cxd4 4. Nxd4 a6 5. Nc3 Qc7 6. Bd3 Nf6 7. O-O d6 8. f4 Be7 9. Qe1 Nbd7 10. Nf3 Nc5 11. Be3 b5 12. b4 Nxd3 13. cxd3 Bb7 14. Rc1 Qd7 15. a3 O-O 16. h3 Ne8 17. Ne2 f5 18. Ng3 g6 19. Bd2 Ng7 20. Qe2 Bf6 21. Rc2 Rac8 22. Rfc1 Rxc2 23. Rxc2 Rc8 24. Bc1 Rxc2 25. Qxc2 Qc6 26. Qxc6 Bxc6 27. Kf2 Kf7 28. Ke3 e5 29. exf5 Nxf5+ 30. Nxf5 gxf5 31. g4 Ke6 32. g5 Bd8 33. h4 Bb6+ 34. Ke2 e4 35. Ne1 Be8 36. Be3 Bh5+ 37. Kd2 Bc7 38. Nc2 Kd5 39. Nd4 Bg4 40. h5 Bxh5 41. Nxf5 exd3 42. Ng7 Bf7 43. Kxd3 Bd8 1/2-1/2

[Event "CYCC U16"]
[Site "Ottawa CAN"]
[Date "2013.07.10"]
[Round "2"]
[White "Song, Guannan Terry"]
[Black "Dukic, Zachary"]
[Result "0-1"]
[WhiteElo "2190"]
[BlackElo "1960"]
[PlyCount "138"]
[GameId "2160767909334918"]
[EventDate "2013.07.10"]
[EventType "swiss"]
[EventRounds "6"]
[EventCountry "CAN"]
[SourceTitle "EXT 2022"]
[Source "ChessBase"]
[SourceDate "2021.10.06"]
[SourceVersion "1"]
[SourceVersionDate "2021.10.06"]
[SourceQuality "1"]

1. e4 c5 2. Nc3 Nc6 3. f4 g6 4. Nf3 Bg7 5. Bb5 Nd4 6. O-O e6 7. e5 a6 8. Bd3 Ne7 9. Ne4 O-O 10. Nxd4 cxd4 11. b3 d5 12. exd6 Nf5 13. Ba3 Re8 14. g4 Nh6 15. d7 Qxd7 16. g5 Nf5 17. Nf6+ Bxf6 18. gxf6 b5 19. Qg4 Bb7 20. Rae1 Qd8 21. Bxf5 exf5 22. Qg5 Qd5 23. Re7 Qh1+ 24. Kf2 Qxh2+ 25. Ke1 h6 26. Qg1 Qxg1 27. Rxg1 Rxe7+ 28. Bxe7 Rc8 29. Kd1 Bf3+ 30. Kc1 Be4 31. c3 dxc3 32. dxc3 Rxc3+ 33. Kb2 Rc2+ 34. Ka1 Rf2 35. Rd1 Rxf4 36. Rd8+ Kh7 37. Bf8 g5 38. Bg7 Rh4 39. Rh8+ Kg6 40. Rg8 Kh5 41. Rh8 b4 42. Rxh6+ Kg4 43. Kb2 f4 44. Kc1 Rxh6 45. Bxh6 Kh4 46. Bf8 g4 47. Bxb4 g3 48. Kd2 Kg4 49. Bc5 f3 50. Ke1 f2+ 51. Bxf2 gxf2+ 52. Kxf2 Kf5 53. Ke3 Bb7 54. Kd4 Kxf6 55. b4 Kg5 56. Ke3 Kg4 57. Kf2 f5 58. a3 f4 59. a4 Bc6 60. a5 f3 61. Kf1 Kg3 62. b5 Bxb5+ 63. Ke1 f2+ 64. Kd2 f1=Q 65. Kc3 Qc4+ 66. Kb2 Ba4 67. Ka1 Qe2 68. Kb1 Bb3 69. Kc1 Qc2# 0-1

[Event "CYCC U16"]
[Site "Ottawa CAN"]
[Date "2013.07.10"]
[Round "2"]
[White "Thanabalachandran, Kajan"]
[Black "Sun, Mike"]
[Result "1/2-1/2"]
[WhiteElo "1759"]
[BlackElo "2080"]
[PlyCount "92"]
[GameId "2160767909334920"]
[EventDate "2013.07.10"]
[EventType "swiss"]
[EventRounds "6"]
[EventCountry "CAN"]
[SourceTitle "hb 2013"]

1. e4 g6 2. d4 Bg7 3. Nf3 d5 4. exd5 Qxd5 5. Nc3 Qd8 6. Bf4 Nf6 7. Bc4 O-O 8. O-O c6 9. Re1 Bg4 10. Be3 e6 11. h3 Bxf3 12. Qxf3 Nbd7 13. Rad1 b5 14. Bd3 Qc7 15. Bf4 Qb7 16. Bxb5 Rac8 17. Ba4 Nb6 18. Bb3 Nbd5 19. Bg3 Rfd8 20. Ne4 Nxe4 21. Qxe4 a5 22. Be5 a4 23. Bxa4 Qxb2 24. Bxg7 Nc3 25. d5 Kxg7 26. Qd4+ Kg8 27. Rd3 Nxa4 28. Qxa4 cxd5 29. Re2 Ra8 30. Qh4 Qxa2 31. Rf3 Qa1+ 32. Kh2 Rdc8 33. Qe7 Ra7 34. Qd6 Qg7 35. Rxe6 Rac7 36. Ref6 d4 37. Qxd4 Rxc2 38. Qg4 R8c6 39. Rxc6 Rxc6 40. Qd7 Re6 41. g4 Qf8 42. Qxe6 fxe6 43. Rxf8+ Kxf8 44. Kg2 Kf7 45. Kf3 Kf6 46. Ke4 e5 1/2-1/2

[Event "CYCC U16"]
[Site "Ottawa CAN"]
[Date "2013.07.10"]
[Round "2"]
[White "Wu, Ruining (Ray)"]
[Black "Hunter, Harold"]
[Result "1-0"]
[WhiteElo "2117"]
[BlackElo "1235"]
[PlyCount "55"]
[GameId "2160767909334922"]
[EventDate "2013.07.10"]
[EventType "swiss"]
[EventRounds "6"]
[EventCountry "CAN"]
[SourceTitle "hb 2013"]

1. d4 d5 2. c4 c6 3. Nf3 Nf6 4. e3 e6 5. b3 Bd6 6. Bd3 Nbd7 7. Bb2 O-O 8. Nbd2 Re8 9. Ne5 Qc7 10. f4 dxc4 11. bxc4 c5 12. O-O b6 13. Qf3 Bb7 14. Qh3 h6 15. Qg3 Nf8 16. Ng4 Nxg4 17. Qxg4 f5 18. Qg3 Qe7 19. Rab1 Rad8 20. Nb3 Qf7 21. Be2 Nh7 22. dxc5 Bxc5 23. Nxc5 bxc5 24. Bh5 Qe7 25. Bxe8 Rxe8 26. Bxg7 Qxg7 27. Qxg7+ Kxg7 28. Rxb7+ 1-0

[Event "CYCC U16"]
[Site "Ottawa CAN"]
[Date "2013.07.10"]
[Round "2"]
[White "Wu, Stanley"]
[Black "Fu, James"]
[Result "1-0"]
[WhiteElo "1741"]
[BlackElo "2257"]
[PlyCount "119"]
[GameId "2160767909334923"]
[EventDate "2013.07.10"]
[EventType "swiss"]
[EventRounds "6"]
[EventCountry "CAN"]
[SourceTitle "hb 2013"]

1. e4 Nc6 2. Nf3 d6 3. Bc4 g6 4. h3 Bg7 5. d4 Nf6 6. Nc3 O-O 7. O-O Nxe4 8. Nxe4 d5 9. Bxd5 Qxd5 10. Nc3 Qc4 11. Qe2 Be6 12. Be3 Rad8 13. Qxc4 Bxc4 14. Rfe1 e6 15. Rad1 Nb4 16. Rd2 f5 17. Bg5 Rde8 18. Bf4 Re7 19. Bg5 Rd7 20. b3 Bd5 21. Nxd5 exd5 22. Be7 Nxa2 23. Bxf8 Bxf8 24. Ra1 Nc3 25. Rxa7 c6 26. Rd3 Ne4 27. Ne5 Re7 28. Rd1 Nc3 29. Re1 Nb5 30. Ra4 Nc3 31. Raa1 Bh6 32. Nd3 Re4 33. Rxe4 fxe4 34. Nc5 Ne2+ 35. Kf1 Nxd4 36. Nxb7 Nxc2 37. Ra6 Nb4 38. Rb6 Bf8 39. Nd8 c5 40. Ne6 Be7 41. Rb7 Kf7 42. Nxc5 Nc6 43. Rb6 Ne5 44. b4 h5 45. Ke2 h4 46. Rb7 Ke8 47. Ke3 Nc6 48. Na6 Bg5+ 49. Ke2 d4 50. Rb6 d3+ 51. Kd1 Nd4 52. Rxg6 Be7 53. Rg4 Nb5 54. Kd2 Nd6 55. Nc5 Nc4+ 56. Kc3 d2 57. Kc2 e3 58. Rxc4 exf2 59. Rf4 Bf8 60. Rxf2 1-0

[Event "CYCC U16"]
[Site "Ottawa CAN"]
[Date "2013.07.11"]
[Round "3"]
[White "Dorrance, Adam"]
[Black "Nasir, Zehn"]
[Result "1/2-1/2"]
[WhiteElo "2185"]
[BlackElo "2060"]
[PlyCount "79"]
[GameId "2160767909334925"]
[EventDate "2013.07.10"]
[EventType "swiss"]
[EventRounds "6"]
[EventCountry "CAN"]
[SourceTitle "hb 2013"]

1. d4 Nf6 2. Nf3 d5 3. g3 g6 4. Bg2 Bg7 5. O-O c6 6. Nbd2 O-O 7. c4 Nbd7 8. b3 Re8 9. Bb2 h6 10. Re1 b6 11. Qc2 Bb7 12. Rad1 Rc8 13. Ne5 e6 14. Nxd7 Qxd7 15. e4 Nh7 16. c5 f5 17. exf5 exf5 18. Nf3 Nf8 19. b4 Re6 20. Rxe6 Nxe6 21. Re1 Re8 22. Ne5 Bxe5 23. Rxe5 Ng5 24. h4 Nf7 25. Rxe8+ Qxe8 26. Bc3 b5 27. Bf3 Bc8 28. Qc1 Qe7 29. Bd2 Kg7 30. Bf4 a6 31. Bd2 Qf6 32. Qe1 Qe6 33. Qxe6 Bxe6 34. Kg2 Kf6 35. Be2 Bd7 36. f3 Kg7 37. g4 g5 38. hxg5 hxg5 39. Kg3 Kf6 40. Bc1 1/2-1/2

[Event "CYCC U16"]
[Site "Ottawa CAN"]
[Date "2013.07.11"]
[Round "3"]
[White "Hui, Jeremy"]
[Black "Rochon, Frederic"]
[Result "1-0"]
[WhiteElo "1976"]
[BlackElo "1459"]
[PlyCount "65"]
[GameId "2160767909334926"]
[EventDate "2013.07.10"]
[EventType "swiss"]
[EventRounds "6"]
[EventCountry "CAN"]
[SourceTitle "hb 2013"]

1. e4 c5 2. Nf3 d6 3. Bb5+ Bd7 4. Bxd7+ Qxd7 5. O-O Nc6 6. Qe2 g6 7. Rd1 Bg7 8. c3 e6 9. d4 cxd4 10. cxd4 Nge7 11. Nc3 d5 12. e5 a6 13. b3 O-O 14. Bb2 h5 15. Na4 Nf5 16. Nb6 Qe7 17. Nxa8 Rxa8 18. Bc1 Qb4 19. Be3 Rc8 20. Rac1 Bf8 21. h3 Re8 22. g4 hxg4 23. hxg4 Nh6 24. Ne1 Qb6 25. f3 Kh7 26. Qh2 Qa5 27. Bxh6 Bxh6 28. g5 Rh8 29. gxh6 Qb4 30. Qf4 Kg8 31. Rc2 Rh7 32. Nd3 Qxd4+ 33. Qxd4 1-0

[Event "CYCC U16"]
[Site "Ottawa CAN"]
[Date "2013.07.11"]
[Round "3"]
[White "Hunter, Harold"]
[Black "Fu, James"]
[Result "0-1"]
[WhiteElo "1235"]
[BlackElo "2257"]
[PlyCount "93"]
[GameId "2160767909334927"]
[EventDate "2013.07.10"]
[EventType "swiss"]
[EventRounds "6"]
[EventCountry "CAN"]
[SourceTitle "hb 2013"]

1. d4 Nf6 2. c4 e6 3. Nc3 d5 4. e3 c5 5. Bd3 Nc6 6. cxd5 exd5 7. Nf3 Bg4 8. h3 Bxf3 9. Qxf3 cxd4 10. exd4 Nxd4 11. Qe3+ Ne6 12. Bb5+ Nd7 13. Nxd5 Bc5 14. Qg3 a6 15. Ba4 Qa5+ 16. Nc3 b5 17. Bb3 O-O 18. O-O Kh8 19. Ne4 Nd4 20. Kh1 Be7 21. Be3 Nxb3 22. axb3 Qb4 23. Nc3 Nf6 24. Ne2 Qxb3 25. Nd4 Qd5 26. Rad1 Rfd8 27. Ne2 Qc4 28. Nd4 Rd5 29. Qf3 Rad8 30. Nf5 Bf8 31. Rfe1 Qc2 32. Rxd5 Rxd5 33. Nh6 Qg6 34. Ng4 Qe4 35. Nxf6 Qxf3 36. gxf3 gxf6 37. Kg2 Bb4 38. Rc1 Kg7 39. f4 a5 40. Rc6 a4 41. Kf3 f5 42. Ke2 h6 43. h4 h5 44. Ra6 Be7 45. Rc6 Bxh4 46. Rc1 Bf6 47. Rc2 0-1

[Event "CYCC U16"]
[Site "Ottawa CAN"]
[Date "2013.07.11"]
[Round "3"]
[White "Lo, Ryan"]
[Black "Dukic, Zachary"]
[Result "1-0"]
[WhiteElo "2222"]
[BlackElo "1960"]
[PlyCount "131"]
[GameId "2160767909334929"]
[EventDate "2013.07.10"]
[EventType "swiss"]
[EventRounds "6"]
[EventCountry "CAN"]
[SourceTitle "hb 2013"]

1. d4 Nf6 2. c4 g6 3. Nc3 d5 4. cxd5 Nxd5 5. e4 Nxc3 6. bxc3 Bg7 7. Bc4 c5 8. Ne2 Nc6 9. Be3 O-O 10. O-O Qc7 11. Rc1 Rd8 12. Qd2 Qa5 13. Rfd1 Ne5 14. Bd5 Ng4 15. f3 Nxe3 16. Qxe3 e6 17. Bb3 cxd4 18. cxd4 Qb6 19. Qf2 Bd7 20. d5 Qxf2+ 21. Kxf2 exd5 22. Bxd5 Bc6 23. Bxc6 Rxd1 24. Rxd1 bxc6 25. Rd7 a5 26. Rc7 Ra6 27. Ke3 Be5 28. Rc8+ Kg7 29. g3 Rb6 30. Ra8 Rb5 31. Nd4 Rc5 32. Kd3 Rc1 33. Rxa5 Rd1+ 34. Kc2 Rxd4 35. Rxe5 Ra4 36. Kb3 Ra6 37. a4 Kf8 38. a5 f6 39. Rc5 Ke7 40. Kc4 Kd6 41. f4 Ke6 42. g4 Kd6 43. Kd4 Ra8 44. h4 Ra6 45. e5+ fxe5+ 46. fxe5+ Ke6 47. Ke4 h6 48. Kf4 Kd7 49. h5 gxh5 50. gxh5 Ra8 51. Kf5 Rg8 52. Kf6 Kc7 53. Rc1 Rg2 54. e6 Rf2+ 55. Ke7 Rf5 56. Ke8 Rxa5 57. Rf1 Rxh5 58. e7 Re5 59. Kf7 Kd6 60. Rd1+ Kc5 61. e8=Q Rxe8 62. Kxe8 Kb4 63. Kd7 c5 64. Kd6 c4 65. Kd5 Kb3 66. Rc1 1-0

[Event "CYCC U16"]
[Site "Ottawa CAN"]
[Date "2013.07.11"]
[Round "3"]
[White "Muntaner, Daniel"]
[Black "Song, Guannan Terry"]
[Result "0-1"]
[WhiteElo "1310"]
[BlackElo "2190"]
[PlyCount "62"]
[GameId "2160767909334930"]
[EventDate "2013.07.10"]
[EventType "swiss"]
[EventRounds "6"]
[EventCountry "CAN"]
[SourceTitle "EXT 2022"]
[Source "ChessBase"]
[SourceDate "2021.10.06"]
[SourceVersion "1"]
[SourceVersionDate "2021.10.06"]
[SourceQuality "1"]

1. e4 c5 2. Nf3 d6 3. d4 cxd4 4. Nxd4 Nf6 5. Nc3 a6 6. f3 e5 7. Nb3 Be6 8. Nd5 Nxd5 9. exd5 Bc8 10. Be3 Nd7 11. Qd2 Be7 12. O-O-O O-O 13. Bd3 Qc7 14. h4 a5 15. a3 a4 16. Na1 f5 17. Bg5 Nc5 18. Kb1 f4 19. Bxe7 Qxe7 20. h5 Nxd3 21. Qxd3 Bf5 22. Qb5 Rfc8 23. Rc1 Rc5 24. Qe2 Rxd5 25. Qc4 Be6 26. Qe2 Bf7 27. Rcg1 Qe6 28. g4 fxg3 29. Rxg3 Rd2 30. Qe1 Qa2+ 31. Kc1 Rd4 0-1

[Event "CYCC U16"]
[Site "Ottawa CAN"]
[Date "2013.07.11"]
[Round "3"]
[White "Sun, Mike"]
[Black "Wu, Stanley"]
[Result "1-0"]
[WhiteElo "2080"]
[BlackElo "1741"]
[PlyCount "64"]
[GameId "2160767909334932"]
[EventDate "2013.07.10"]
[EventType "swiss"]
[EventRounds "6"]
[EventCountry "CAN"]
[SourceTitle "hb 2013"]

1. e4 e5 2. Nf3 Nc6 3. Bb5 a6 4. Ba4 Nf6 5. d3 Bc5 6. O-O d6 7. c3 h6 8. d4 exd4 9. cxd4 Ba7 10. d5 b5 11. dxc6 bxa4 12. e5 dxe5 13. Qxd8+ Kxd8 14. Nxe5 Ke7 15. Bd2 Rb8 16. Ba5 Rxb2 17. Bxc7 Ne4 18. Nd3 Rc2 19. Re1 Bf5 20. Ba5 Kf6 21. Na3 Rxc6 22. g4 Bh7 23. Kg2 Ng5 24. Ne5 Rd6 25. Bb4 Rd5 26. Nc6 Bc5 27. Bc3+ Kg6 28. f4 Nh3 29. Ne5+ Kf6 30. Nf3+ Kg6 31. f5+ Rxf5 32. gxf5+ Kxf5 1-0

[Event "CYCC U16"]
[Site "Ottawa CAN"]
[Date "2013.07.11"]
[Round "3"]
[White "Zhang, Kevin Z"]
[Black "Thanabalachandran, Kajan"]
[Result "1/2-1/2"]
[WhiteElo "2000"]
[BlackElo "1759"]
[PlyCount "34"]
[GameId "2160767909334934"]
[EventDate "2013.07.10"]
[EventType "swiss"]
[EventRounds "6"]
[EventCountry "CAN"]
[SourceTitle "hb 2013"]

1. d4 Nf6 2. Nf3 g6 3. c4 Bg7 4. Nc3 O-O 5. e4 d6 6. Bf4 Nbd7 7. Bg3 c6 8. Be2 Nh5 9. Qd2 Nxg3 10. hxg3 e5 11. dxe5 Nxe5 12. Nxe5 dxe5 13. O-O-O Qxd2+ 14. Kxd2 Be6 15. Kc2 Rad8 16. Rhe1 Rd4 17. f3 Rfd8 1/2-1/2

[Event "CYCC U16"]
[Site "Ottawa CAN"]
[Date "2013.07.11"]
[Round "4"]
[White "Dukic, Zachary"]
[Black "Zhang, Kevin Z"]
[Result "1-0"]
[WhiteElo "1960"]
[BlackElo "2000"]
[PlyCount "100"]
[GameId "2160767909334935"]
[EventDate "2013.07.10"]
[EventType "swiss"]
[EventRounds "6"]
[EventCountry "CAN"]
[SourceTitle "hb 2013"]

1. e4 g6 2. d4 Bg7 3. Nf3 d6 4. Bd3 a6 5. c3 Nd7 6. O-O h6 7. Re1 e6 8. Be3 Ne7 9. Nbd2 O-O 10. Nf1 b6 11. Ng3 e5 12. Qd2 Kh7 13. Rad1 Nc6 14. Bc2 Bb7 15. h4 Nf6 16. Qe2 Qe7 17. d5 Nb8 18. h5 Nbd7 19. hxg6+ fxg6 20. Nh4 Bc8 21. f4 exf4 22. Nxg6 Kxg6 23. e5+ Kf7 24. e6+ Kg8 25. Nf5 Qe8 26. Bxf4 Nc5 27. Nxg7 Kxg7 28. Bxh6+ Kxh6 29. Qe3+ Kh5 30. Qh3+ Kg5 31. Qf5+ Kh6 32. Qf4+ Kg7 33. Qg5+ Kh8 34. Re3 Qh5 35. Rh3 Qxh3 36. Rd4 Qh7 37. Bxh7 Nxh7 38. Rh4 Bxe6 39. dxe6 Rg8 40. Qf6+ Rg7 41. b4 Kg8 42. Qf3 Rf8 43. Qd5 Rg5 44. Qc6 Nxe6 45. Qd7 Ng7 46. Qxc7 Rgf5 47. Qxd6 R8f6 48. Qd8+ Nf8 49. Rg4 Kh8 50. Qd3 Kh7 1-0

[Event "CYCC U16"]
[Site "Ottawa CAN"]
[Date "2013.07.11"]
[Round "4"]
[White "Fu, James"]
[Black "Johnson, Nicholas1"]
[Result "1-0"]
[WhiteElo "2257"]
[BlackElo "1817"]
[PlyCount "75"]
[GameId "2160767909334936"]
[EventDate "2013.07.10"]
[EventType "swiss"]
[EventRounds "6"]
[EventCountry "CAN"]
[SourceTitle "EXT 2022"]
[Source "ChessBase"]
[SourceDate "2021.10.06"]
[SourceVersion "1"]
[SourceVersionDate "2021.10.06"]
[SourceQuality "1"]

1. e4 e6 2. Nc3 d5 3. d3 Nf6 4. e5 Nfd7 5. f4 c5 6. Nf3 Nc6 7. g3 b5 8. Bh3 Be7 9. O-O b4 10. Ne2 O-O 11. a3 a5 12. axb4 cxb4 13. Be3 Bc5 14. d4 Be7 15. f5 exf5 16. Bxf5 Nb6 17. Bd3 Ba6 18. Nf4 Nc4 19. Bc1 Qd7 20. Qe2 g5 21. Ng2 g4 22. Ng5 Nxd4 23. Bxh7+ Kg7 24. Qd3 Nf3+ 25. Nxf3 gxf3 26. Qxf3 Kxh7 27. Qh5+ Kg8 28. Rf5 Bc5+ 29. Kh1 Rfc8 30. Bh6 Qxf5 31. Qxf5 Bf8 32. Qg5+ Kh7 33. Bxf8 Rxf8 34. b3 Na3 35. Ne3 Rg8 36. Qh4+ Kg7 37. Nf5+ Kf8 38. Qe7# 1-0